000 01194cam a2200349 i 4500
001 4614485
003 OSt
005 20260429152721.0
008 780718s1978 enka b 001 0 eng
010 _a 77092272
015 _aGB***
020 _a0500274770
_c$39.95
035 _a4614485
040 _aDLC
_cFoundation University
043 _ae-it---
050 0 0 _aN6923.P495
_bW54 1978
100 1 _aWilton-Ely, John.
_915174
245 1 4 _aThe mind and art of Giovanni Battista Piranesi /
_cJohn Wilton-Ely.
260 _aLondon :
_bThames and Hudson,
_cc1978.
264 _41978
300 _a304 p. :
_bill. ;
_c32 cm.
_3books
_fbooks
336 _atext
_btxt
_2rdacontent
_3books
337 _aunmediated
_bn
_2rdamedia
_3books
338 _avolume
_bnc
_2rdacarrier
_3books
500 _aIncludes index.
504 _aBibliography: p. 298-300.
600 1 0 _aPiranesi, Giovanni Battista,
_d1720-1778.
_915175
650 0 _aNeoclassicism (Art)
_zItaly.
_915791
906 _a7
_bcbc
_corignew
_d2
_eopcn
_f19
_gy-gencatlg
942 _2lcc
_cBK
_hN 6923.P495
_i.1978 W54
_k(DAFA-FA)
999 _c5845
_d5845